000 00409 a2200169 4500
001 71531
020 _a8508041306
040 _cAnchieta - Colégio São Paulo
100 _aFrança, Mary
240 1 0 _aNicolau Grande e Nicolau Pequeno
_lpor
245 1 0 _aNicolau Grande e Nicolau Pequeno
300 _a[23p.]
362 0 _a1994
440 1 _aÁtica
650 4 _aLiteratura infanto-juvenil
942 _cBK
999 _c71531
_d71531